00194nam a2200085 4500100002500000245001900025250001100044260004500055300000800100 aGilbert Newton Lewis aThermodynamics a2nd ed aNew yorkbMcGrow Hill Book Companyc1961 a723